Statistiques concernant Les Schtroumpfs - Quiz animalier

Cliquez ici pour prendre le quiz!

Statistiques générales

  • Ce quiz a été pris 49 fois
  • Le résultat moyen est 5 sur 11

Statistiques - réponses

QuestionRéponse% Correct
Chat de GargamelAzraël
88%
Moyen de transport classique pour le Grand SchtroumpfCigogne
78%
Animal à l'origine des Schtroumpfs noirsMouche Bzz
66%
Schtroumpf qui vivait parmi les animauxSchtroumpf {Sauvage}
66%
Oiseau muté qui ravage le village SchtroumpfCracoucass
51%
Nouveau maître de Puppy{Bébé} Schtroumpf
34%
Animal enfermé avec le Schtroumpf Farceur lorsqu'il doit voler des bijouxSouris
32%
Schtroumpf changé en une sorte de lézard suite à une expérience{Apprenti} Schtroumpf
22%
Schtroumpf accompagné par la chenille PapilioNat
20%
Ancien maître du chien PuppyOmnibus
17%
Dragon qui ne peut cracher que de l'eauFafnir
15%

Distribution des résultats

Percentile par nombre de réponses

% des personnes avec chaque résultat

Votre développement - résultats

Vous n’avez pas pris ce quiz